000 00277nam a2200097Ia 4500
001 1153402
005 20250827011124.0
008 250824s9999 xx 000 0 und d
245 0 _aYALANCI DÜNYA K1 13
_cORHAN KEMAL
260 _bEVEREST YAYINLARI
999 _c1153402
_d1153402